Normal view
MARC view
Entry Personal Name
001 - CONTROL NUMBER
- control field: 7819
003 - CONTROL NUMBER IDENTIFIER
- control field: BD-RjUL
005 - DATE AND TIME OF LATEST TRANSACTION
- control field: 20230601112439.0
008 - FIXED-LENGTH DATA ELEMENTS
- fixed length control field: 230601|| aca||aabn | a|a d
040 ## - CATALOGING SOURCE
- Original cataloging agency: BD-RjUL
- Transcribing agency: BD-RjUL
100 ## - HEADING--PERSONAL NAME
- Personal name: Prodhan, Md. Hashibul Alam, Supervisor
670 ## - SOURCE DATA FOUND
- Source citation: Work cat.: (BD-RjUL)81498: Haque, Md. Mojammel 7817, Digitalization of Record-of-Rights and Registration System for Transfer of land in Bangladesh /, 2021